[Event "4NCL Division 3s"]
[Site "Daventry Court ENG"]
[Date "2014.02.15"]
[Round "5.109"]
[White "Skulte, Christopher"]
[Black "Woodcock, Keith D"]
[Result "1-0"]
[WhiteElo "1977"]
[BlackElo "1665"]
[PlyCount "69"]
[EventDate "2014.02.15"]
[WhiteTeam "Celtic Tigers 1"]
[BlackTeam "Anglian Avengers 3"]

1. e4 c5 2. Nf3 g6 3. d4 Bg7 4. Nc3 cxd4 5. Nxd4 Nc6 6. Be3 d6 7. Qd2 h6 8.
O-O-O Nf6 9. Nxc6 bxc6 10. e5 Ng4 11. exd6 Nxe3 12. Qxe3 e6 13. h4 Qa5 14. Rh3
Rb8 15. b3 Bxc3 16. Qxc3 Qxc3 17. Rxc3 Kd7 18. Rc5 Rb6 19. c4 f6 20. Ra5 Rb7
21. c5 Kd8 22. Ba6 Rd7 23. Rd4 Bb7 24. Bxb7 Rxb7 25. Rda4 Rhh7 26. Ra6 e5 27.
Rxc6 Rb5 28. b4 Rhb7 29. a3 a5 30. Rxa5 Rxa5 31. bxa5 Ra7 32. a6 Kd7 33. Rb6
Ra8 34. Rb7+ Kc6 35. d7 1-0

[Event "4NCL Division 3s"]
[Site "Daventry Court ENG"]
[Date "2014.02.15"]
[Round "5.115"]
[White "Ludbrook, Matthew"]
[Black "Ross, Chris N"]
[Result "0-1"]
[WhiteElo "2001"]
[BlackElo "2221"]
[PlyCount "77"]
[EventDate "2014.02.15"]
[WhiteTeam "Oxford 2"]
[BlackTeam "e2e4.org.uk 2"]

1. e4 c5 2. Nc3 Nc6 3. g3 g6 4. Bg2 Bg7 5. d3 Rb8 6. Be3 d6 7. Qd2 b5 8. Nge2
Nd4 9. O-O b4 10. Nd1 Bg4 11. f3 Nxe2+ 12. Qxe2 Bd7 13. f4 Qc7 14. c3 bxc3 15.
bxc3 Nf6 16. h3 Bc6 17. Qc2 O-O 18. d4 Bb5 19. Rf2 cxd4 20. cxd4 Qxc2 21. Rxc2
Bd3 22. Rc7 Bxe4 23. Rxa7 Bxg2 24. Kxg2 Nd5 25. Bg1 Rfc8 26. Ra3 f5 27. Rf3 Rc4
28. a4 Nb4 29. Rb3 Ra8 30. Nb2 Rc2+ 31. Kf1 Nc6 32. Rd1 Kf7 33. Be3 Rb8 34.
Rxb8 Nxb8 35. Nd3 Ra2 36. Nb4 Rxa4 37. Rb1 Ra5 38. Ke2 Rb5 39. Kd3 {Time} 0-1

[Event "4NCL Division 3s"]
[Site "Daventry Court ENG"]
[Date "2014.02.15"]
[Round "5.116"]
[White "Barnes, Michael H"]
[Black "Miranda, Nicole M"]
[Result "1-0"]
[WhiteElo "2205"]
[BlackElo "1961"]
[PlyCount "99"]
[EventDate "2014.02.15"]
[WhiteTeam "e2e4.org.uk 2"]
[BlackTeam "Oxford 2"]

1. d4 d6 2. e4 Nf6 3. Nc3 c6 4. f4 Qa5 5. Bd3 e5 6. Nf3 Bg4 7. Be3 Nbd7 8. O-O
exf4 9. Bxf4 Qb6 10. Be2 Bxf3 11. Bxf3 Ne5 12. Kh1 Nxf3 13. Qxf3 O-O-O 14. e5
dxe5 15. dxe5 Nd5 16. Bg5 Rd7 17. Rad1 Be7 18. Bxe7 Rxe7 19. Rxd5 cxd5 20. Nxd5
Qe6 21. Nxe7+ Qxe7 22. Qg4+ Kb8 23. Qxg7 Rd8 24. h3 Rd7 25. c4 Qe6 26. b3 Qg6
27. Qxg6 fxg6 28. e6 Re7 29. Rf7 Rxe6 30. Rxh7 a5 31. Rg7 Ka7 32. Kh2 Kb6 33.
Kg3 Kc6 34. Kf4 Re2 35. Rxg6+ Kc5 36. Rg5+ Kb4 37. Rb5+ Kc3 38. g4 Rxa2 39.
Rxb7 Rf2+ 40. Kg3 Rf1 41. g5 Kd4 42. Rb5 a4 43. bxa4 Kxc4 44. Kg4 Ra1 45. g6
Rxa4 46. Rg5 Kd3+ 47. Kh5 Ra8 48. g7 Rg8 49. Kg6 Ke4 50. Kf7 1-0

[Event "4NCL Division 3s"]
[Site "Daventry Court ENG"]
[Date "2014.02.15"]
[Round "5.117"]
[White "Terry, Sean"]
[Black "Mansson, James C"]
[Result "0-1"]
[WhiteElo "1922"]
[BlackElo "2107"]
[PlyCount "82"]
[EventDate "2014.02.15"]
[WhiteTeam "Oxford 2"]
[BlackTeam "e2e4.org.uk 2"]

1. f4 d5 2. Nf3 g6 3. e3 Bg7 4. c4 c6 5. d4 Nf6 6. Nc3 O-O 7. Ne5 dxc4 8. Bxc4
Nd5 9. e4 Nxc3 10. bxc3 c5 11. Be3 cxd4 12. Bxd4 Qc7 13. Qb3 e6 14. O-O Nc6 15.
Nxc6 Qxc6 16. e5 b6 17. Be2 Qc7 18. Bf3 Rb8 19. Qb5 Bd7 20. Qa6 Rfc8 21. a4 Bh6
22. Be4 Bf8 23. Rf3 Bc5 24. Qd3 Bc6 25. Rh3 Bxe4 26. Qxe4 Bxd4+ 27. cxd4 Qc2
28. Qe3 Qf5 29. Rc1 Rc2 30. Rxc2 Qxc2 31. f5 Qb1+ 32. Kf2 Qxf5+ 33. Rf3 Qc2+
34. Kg3 Qc7 35. Rf4 Rc8 36. Qf2 f5 37. h3 Qc2 38. Qxc2 Rxc2 39. d5 exd5 40. Rd4
Rc5 41. Kf3 Kf7 0-1

[Event "4NCL Division 3s"]
[Site "Daventry Court ENG"]
[Date "2014.02.15"]
[Round "5.118"]
[White "Morley, Andrew J"]
[Black "Nandi, Robin J"]
[Result "1-0"]
[WhiteElo "2046"]
[BlackElo "1972"]
[PlyCount "45"]
[EventDate "2014.02.15"]
[WhiteTeam "e2e4.org.uk 2"]
[BlackTeam "Oxford 2"]

1. e4 e5 2. Nf3 Nc6 3. Bb5 a6 4. Ba4 Nf6 5. O-O Be7 6. Re1 b5 7. Bb3 O-O 8. h3
d6 9. c3 Na5 10. Bc2 c5 11. d4 Qc7 12. Nbd2 Bd7 13. Nf1 Rac8 14. d5 c4 15. N3h2
Rfe8 16. g4 g6 17. Ng3 Kg7 18. f4 exf4 19. Bxf4 Bf8 20. Qf3 Rcd8 21. Bh6+ Kxh6
22. Qxf6 Re5 23. h4 1-0

[Event "4NCL Division 3s"]
[Site "Daventry Court ENG"]
[Date "2014.02.15"]
[Round "5.119"]
[White "Neatherway, A Philip"]
[Black "Byron, Alan M"]
[Result "0-1"]
[WhiteElo "1862"]
[BlackElo "2152"]
[PlyCount "66"]
[EventDate "2014.02.15"]
[WhiteTeam "Oxford 2"]
[BlackTeam "e2e4.org.uk 2"]

1. e4 e6 2. d4 d5 3. exd5 exd5 4. Bf4 Bd6 5. Qd2 Nf6 6. Nc3 O-O 7. Bd3 Re8+ 8.
Nge2 Nc6 9. O-O-O Nb4 10. Bg5 c6 11. Ng3 Nxd3+ 12. Qxd3 h6 13. Bd2 b5 14. Nf5
Bf8 15. f3 a5 16. Rhe1 Be6 17. g4 Qd7 18. Ng3 a4 19. Nce2 b4 20. Nf4 c5 21.
dxc5 Bxc5 22. Nxe6 fxe6 23. Nh5 Nxh5 24. gxh5 a3 25. b3 Qf7 26. Qg6 Rad8 27.
Qg4 Rb8 28. Bf4 Rb6 29. Be5 Rc6 30. Re2 Re7 31. f4 Rd7 32. Rd3 Be7 33. Rxd5
Rxd5 0-1

[Event "4NCL Division 3s"]
[Site "Daventry Court ENG"]
[Date "2014.02.15"]
[Round "5.125"]
[White "Richardson, Keith B"]
[Black "Majer, Chris E"]
[Result "1-0"]
[WhiteElo "2103"]
[BlackElo "1994"]
[PlyCount "51"]
[EventDate "2014.02.15"]
[WhiteTeam "BCM Rhinos (2)"]
[BlackTeam "MK Phoenix 2"]

1. c4 e5 2. Nc3 Bb4 3. Nf3 Bxc3 4. bxc3 d6 5. g3 b6 6. Bg2 Bb7 7. O-O Nd7 8. d3
Ngf6 9. e4 O-O 10. Nh4 Nc5 11. f4 exf4 12. Bxf4 Ne6 13. Be3 Nd7 14. Qe2 Ne5 15.
d4 Ng6 16. Nf5 Qd7 17. h4 Rae8 18. Qg4 Ne7 19. Nh6+ Kh8 20. Nxf7+ Kg8 21. Bh3
Bc8 22. Nh6+ Kh8 23. Nf7+ Kg8 24. Qh5 Nf4 25. Bxf4 Qxh3 26. Ng5 1-0

[Event "4NCL Division 3s"]
[Site "Daventry Court ENG"]
[Date "2014.02.15"]
[Round "5.126"]
[White "Borrowdale, Graham E"]
[Black "Fegan, Chris"]
[Result "1/2-1/2"]
[WhiteElo "1993"]
[BlackElo "2046"]
[PlyCount "282"]
[EventDate "2014.02.15"]
[WhiteTeam "MK Phoenix 2"]
[BlackTeam "BCM Rhinos (2)"]

1. d4 d6 2. c4 Nf6 3. Nc3 g6 4. e4 e5 5. dxe5 dxe5 6. Qxd8+ Kxd8 7. Bg5 Be7 8.
O-O-O+ Bd7 9. h3 h6 10. Be3 Bb4 11. Nd5 Nxd5 12. cxd5 Ba4 13. b3 Ba3+ 14. Kb1
Bd7 15. Nf3 Bd6 16. Nd2 b5 17. Kb2 a5 18. a3 Na6 19. Rc1 f5 20. f3 Ke7 21. Bd3
f4 22. Bf2 Kf6 23. Nb1 Rhb8 24. Be2 Be8 25. Rc2 g5 26. Rhc1 h5 27. Be1 a4 28.
b4 Bd7 29. Bf2 Be8 30. Rh1 h4 31. Ka1 Bd7 32. Rhc1 Be8 33. Rb2 Rc8 34. Nc3 Rcb8
35. Na2 Bd7 36. Rc3 Ke7 37. Nc1 Rc8 38. Rbc2 Rab8 39. Nd3 Kd8 40. Ba7 Rb7 41.
Bc5 Rbb8 42. Bg1 Be8 43. Nc5 Bxc5 44. bxc5 c6 45. dxc6 Bxc6 46. Bf2 Ke7 47. Rd2
Rd8 48. Rcc2 Rxd2 49. Rxd2 Rd8 50. Rb2 Rb8 51. Be1 Ke6 52. Bb4 Rb7 53. Kb1 Rd7
54. Kc2 Rb7 55. Kc3 Rd7 56. Bd3 Rd4 57. Be2 Rd7 58. Ba5 Nxc5 59. Bxb5 Bxb5 60.
Rxb5 Nb3 61. Rb6+ Kf7 62. Kb4 Rd2 63. Kxa4 Nxa5 64. Kxa5 Rxg2 65. Rb7+ Ke6 66.
Rb6+ Kf7 67. Rb7+ Kf6 68. Rb6+ Ke7 69. Rb7+ Kd6 70. Rg7 Rg3 71. a4 Rxf3 72.
Rxg5 Rxh3 73. Kb5 Rb3+ 74. Kc4 Ra3 75. Rg6+ Ke7 76. Kd5 f3 77. Kxe5 h3 78. Rg7+
Kf8 79. Rg1 f2 80. Rf1 Rf3 81. a5 h2 82. Kd6 Ke8 83. Kc7 Re3 84. a6 Rxe4 85. a7
Ra4 86. Kb7 Ke7 87. a8=Q Rxa8 88. Kxa8 Ke6 89. Kb7 Ke5 90. Kc6 Ke4 91. Rxf2
h1=Q 92. Ra2 Qc1+ 93. Kd7 Qd1+ 94. Ke7 Kd4 95. Ra7 Qe2+ 96. Kd7 Qc4 97. Rc7
Qb5+ 98. Ke7 Qe5+ 99. Kd7 Kd5 100. Rb7 Qd6+ 101. Kc8 Qf8+ 102. Kd7 Qf7+ 103.
Kc8 Qe8+ 104. Kc7 Qc6+ 105. Kb8 Kd6 106. Ka7 Qa4+ 107. Kb8 Qe8+ 108. Ka7 Kc5
109. Rc7+ Kb5 110. Rb7+ Ka5 111. Rc7 Qe3+ 112. Kb7 Qb6+ 113. Kc8 Ka6 114. Kd7
Qd4+ 115. Kc6 Qf6+ 116. Kd7 Kb6 117. Rc8 Qf5+ 118. Kd8 Qd5+ 119. Ke7 Qe5+ 120.
Kd7 Kb7 121. Re8 Qd5+ 122. Ke7 Kc7 123. Kf8 Qf5+ 124. Ke7 Qe5+ 125. Kf7 Qh5+
126. Ke7 Qh7+ 127. Kf6 Kd7 128. Re5 Qh4+ 129. Kf5 Qh5+ 130. Kf6 Qh6+ 131. Kf5
Kd6 132. Re4 Qf8+ 133. Kg4 Qf6 134. Rf4 Qg6+ 135. Kf3 Ke5 136. Rg4 Qd3+ 137.
Kf2 Qd1 138. Rg1 Qd4+ 139. Kg2 Kf4 140. Rf1+ Kg4 141. Rg1 Qd2+ 1/2-1/2

[Event "4NCL Division 3s"]
[Site "Daventry Court ENG"]
[Date "2014.02.15"]
[Round "5.127"]
[White "Scrimgour, Alan"]
[Black "Martinez Villena, David"]
[Result "1/2-1/2"]
[WhiteElo "2030"]
[BlackElo "1991"]
[PlyCount "76"]
[EventDate "2014.02.15"]
[WhiteTeam "BCM Rhinos (2)"]
[BlackTeam "MK Phoenix 2"]

1. e4 d5 2. exd5 Nf6 3. Nf3 Nxd5 4. d4 Bg4 5. h3 Bh5 6. c4 Nb6 7. c5 N6d7 8. g4
Bg6 9. Nc3 e5 10. dxe5 Bxc5 11. Bg5 Qc8 12. Bc4 Nb6 13. Bb3 O-O 14. Qe2 Nc6 15.
O-O h5 16. e6 hxg4 17. Ne5 Nxe5 18. Qxe5 Bd6 19. Qe2 Re8 20. Qxg4 Be7 21. Bh6
Bf6 22. Ne4 Rxe6 23. Bxe6 Qxe6 24. Qxe6 fxe6 25. Nxf6+ gxf6 26. Rac1 Nd5 27.
Be3 Kf7 28. Rc4 Bd3 29. Rh4 Bxf1 30. Kxf1 e5 31. Rh7+ Ke6 32. Bd2 Rd8 33. Ke2
Rg8 34. h4 Kf5 35. h5 Rg2 36. h6 Rh2 37. Rg7 b6 38. Kf3 a5 1/2-1/2

[Event "4NCL Division 3s"]
[Site "Daventry Court ENG"]
[Date "2014.02.15"]
[Round "5.128"]
[White "Adebajo, Olufemi"]
[Black "Foley, John P"]
[Result "1/2-1/2"]
[WhiteElo "1979"]
[BlackElo "2036"]
[PlyCount "136"]
[EventDate "2014.02.15"]
[WhiteTeam "MK Phoenix 2"]
[BlackTeam "BCM Rhinos (2)"]

1. e4 c6 2. d4 d5 3. e5 Bf5 4. Ne2 e6 5. Ng3 Bg6 6. h4 h6 7. h5 Bh7 8. Bd3 Bxd3
9. Qxd3 c5 10. c3 Nc6 11. O-O Qb6 12. Be3 cxd4 13. Bxd4 Bc5 14. Bxc5 Qxc5 15.
Re1 Nge7 16. b4 Qb6 17. Nd2 O-O 18. a4 a5 19. b5 Nb8 20. c4 Nd7 21. Qa3 Qc5 22.
cxd5 Nxd5 23. Qb2 Qb4 24. Qxb4 Nxb4 25. Re4 Nb6 26. Nb3 N6d5 27. Rc1 Rfd8 28.
Rd4 b6 29. f4 Rac8 30. Rdc4 Rxc4 31. Rxc4 Nd3 32. Ne2 Nb2 33. Rd4 Rc8 34. f5
Rc4 35. fxe6 fxe6 36. Rd2 Nxa4 37. Nbd4 Kf7 38. Ng3 Rc1+ 39. Kh2 Nc5 40. Nc6
Rb1 41. Na7 Rb4 42. Nc8 Rh4+ 43. Kg1 Rg4 44. Nf5 exf5 45. Rxd5 Ke6 46. Rd6+
Kxe5 47. Rxb6 a4 48. Rc6 Kd4 49. Rc7 Rg3 50. Nd6 Rb3 51. Nxf5+ Kc4 52. Rxg7 a3
53. Ra7 Rb1+ 54. Kh2 Kb3 55. Nd4+ Kb2 56. Ne2 Re1 57. Nc3 Kxc3 58. Rxa3+ Kb4
59. Rf3 Re6 60. Kh3 Kxb5 61. Kg4 Kc6 62. Kf5 Kd6 63. Rg3 Ke7 64. Rg7+ Kd6 65.
Rg6 Ke7 66. Rxe6+ Nxe6 67. Kg6 Nf4+ 68. Kxh6 Nxg2 1/2-1/2

[Event "4NCL Division 3s"]
[Site "Daventry Court ENG"]
[Date "2014.02.15"]
[Round "5.130"]
[White "Matthews, Adrian MS"]
[Black "Bass, John W"]
[Result "1/2-1/2"]
[WhiteElo "1869"]
[BlackElo "2029"]
[PlyCount "39"]
[EventDate "2014.02.15"]
[WhiteTeam "MK Phoenix 2"]
[BlackTeam "BCM Rhinos (2)"]

1. e4 d6 2. d4 Nf6 3. Nc3 g6 4. Bg5 Bg7 5. h3 c6 6. Nf3 O-O 7. Qd2 b5 8. Bd3
Nbd7 9. Ne2 Bb7 10. c3 Qc7 11. Bh6 e5 12. h4 d5 13. Bxg7 Kxg7 14. h5 Rh8 15.
Ng3 dxe4 16. h6+ Kf8 17. Bxe4 Re8 18. dxe5 Nxe5 19. O-O-O Ned7 20. Qd6+ 1/2-1/2

[Event "4NCL Division 3s"]
[Site "Daventry Court ENG"]
[Date "2014.02.15"]
[Round "5.135"]
[White "Taylor, Adam A"]
[Black "Kane, Robert (Bob) B"]
[Result "1/2-1/2"]
[WhiteElo "1991"]
[BlackElo "1867"]
[PlyCount "94"]
[EventDate "2014.02.15"]
[WhiteTeam "e2e4.org.uk 3"]
[BlackTeam "BCM Hippos (3)"]

1. Nf3 Nf6 2. g3 d5 3. c4 c6 4. b3 g6 5. Bg2 Bg7 6. Bb2 O-O 7. O-O a5 8. d3
Nbd7 9. a3 Qb6 10. Nbd2 Re8 11. Qc2 e5 12. cxd5 Nxd5 13. Nc4 Qd8 14. e4 N5b6
15. Nd6 Re6 16. Nxc8 Nxc8 17. d4 exd4 18. Nxd4 Re8 19. Rad1 Qe7 20. Rfe1 Qc5
21. Qd2 Nf8 22. Nf3 Bxb2 23. Qxb2 Na7 24. Nd2 Nb5 25. Nc4 a4 26. Rc1 axb3 27.
Qxb3 Nd4 28. Qxb7 Reb8 29. Qc7 Nfe6 30. Qe5 Qxe5 31. Nxe5 Rxa3 32. Nxc6 Nxc6
33. Rxc6 Rb2 34. e5 Nd4 35. Rf6 Kg7 36. Bd5 Ra7 37. g4 Rb5 38. Rd6 Rxd5 39.
Rxd5 Nf3+ 40. Kf1 Nxe1 41. Kxe1 Ra1+ 42. Ke2 Rh1 43. Rd7 Kg8 44. Kf3 Rxh2 45.
Kg3 Rh1 46. Kf4 h6 47. f3 Re1 1/2-1/2

[Event "4NCL Division 3s"]
[Site "Daventry Court ENG"]
[Date "2014.02.15"]
[Round "5.137"]
[White "Ganger, Rajan"]
[Black "Lawson, Maurice E"]
[Result "1/2-1/2"]
[WhiteElo "1996"]
[BlackElo "1914"]
[PlyCount "47"]
[EventDate "2014.02.15"]
[WhiteTeam "e2e4.org.uk 3"]
[BlackTeam "BCM Hippos (3)"]

1. e4 c6 2. d4 d5 3. e5 Bf5 4. g4 Be4 5. f3 Bg6 6. h4 h5 7. Bd3 Bxd3 8. Qxd3 e6
9. g5 g6 10. Nc3 Ne7 11. Nge2 Nf5 12. Bd2 Qb6 13. Kf2 Qa6 14. Be3 Qxd3 15. cxd3
Na6 16. Ng3 Nxg3 17. Kxg3 Kd7 18. Rac1 Be7 19. Rhd1 Rhc8 20. Kf2 Nc7 21. Na4
Ne8 22. Ke2 Ng7 23. Bf2 Nf5 24. Rc2 1/2-1/2

[Event "4NCL Division 3s"]
[Site "Daventry Court ENG"]
[Date "2014.02.15"]
[Round "5.138"]
[White "Mallon, Gunnar"]
[Black "Denton, John R"]
[Result "1/2-1/2"]
[WhiteElo "1705"]
[BlackElo "2021"]
[PlyCount "82"]
[EventDate "2014.02.15"]
[WhiteTeam "BCM Hippos (3)"]
[BlackTeam "e2e4.org.uk 3"]

1. c4 Nf6 2. Nc3 c5 3. g3 Nc6 4. Bg2 g6 5. e4 Bg7 6. Nge2 d6 7. d3 O-O 8. O-O
a6 9. h3 Rb8 10. a4 Bd7 11. Be3 e5 12. Qd2 Nd4 13. Bxd4 exd4 14. Nd5 Nxd5 15.
exd5 b5 16. axb5 axb5 17. b3 Qb6 18. g4 bxc4 19. bxc4 Qb2 20. Qxb2 Rxb2 21. Ng3
f5 22. gxf5 gxf5 23. Ra7 Be8 24. f4 Rb3 25. Re1 Bg6 26. Ree7 Bh6 27. h4 Rxd3
28. Ne2 Re3 29. Rxe3 dxe3 30. Re7 Re8 31. Re6 Bh5 32. Kf1 Bxe2+ 33. Kxe2 Rxe6
34. dxe6 Bxf4 35. Bh3 Bg3 36. Bxf5 Bxh4 37. Kxe3 h6 38. Kf3 Kg7 39. Kg4 Bg5 40.
Be4 Kf6 41. Bd5 Bd2 1/2-1/2

[Event "4NCL Division 3s"]
[Site "Daventry Court ENG"]
[Date "2014.02.15"]
[Round "5.139"]
[White "Taylor, Dale C"]
[Black "Shaw, Matthew H"]
[Result "1-0"]
[WhiteElo "1939"]
[BlackElo "1926"]
[PlyCount "91"]
[EventDate "2014.02.15"]
[WhiteTeam "e2e4.org.uk 3"]
[BlackTeam "BCM Hippos (3)"]

1. Nf3 Nf6 2. c4 g6 3. Nc3 Bg7 4. g3 O-O 5. Bg2 d6 6. O-O Nc6 7. d4 a6 8. h3
Bd7 9. Be3 e5 10. Rc1 Rb8 11. b3 b5 12. cxb5 axb5 13. dxe5 dxe5 14. Bc5 Re8 15.
b4 Bh6 16. e3 Be6 17. Nd2 Qd7 18. Nde4 Nxe4 19. Nxe4 Bg7 20. Ng5 Nd8 21. Ba7
Rc8 22. Nxe6 Qxe6 23. Qd5 Qa6 24. Bc5 Ne6 25. Qb3 Red8 26. Bd5 Re8 27. Rfd1 Bf8
28. Bxf8 Kxf8 29. Rc6 Qa4 30. Rdc1 Qxb3 31. Bxb3 Re7 32. Bxe6 fxe6 33. R1c5 Kf7
34. Rxb5 Ra8 35. Ra5 Rh8 36. b5 Kf6 37. a4 Kf5 38. Ra7 Ke4 39. Kg2 Kd5 40.
Rcxc7 Ree8 41. Rxh7 Ke4 42. g4 Ref8 43. Rhf7 Rd8 44. Rfd7 Rdf8 45. Rac7 Rc8 46.
Rxc8 1-0

[Event "4NCL Division 3s"]
[Site "Daventry Court ENG"]
[Date "2014.02.15"]
[Round "5.140"]
[White "Fowler, David W"]
[Black "Truman, Richard G"]
[Result "1/2-1/2"]
[WhiteElo "1874"]
[BlackElo "1963"]
[PlyCount "75"]
[EventDate "2014.02.15"]
[WhiteTeam "BCM Hippos (3)"]
[BlackTeam "e2e4.org.uk 3"]

1. d4 Nf6 2. c4 g6 3. Nc3 d5 4. Nf3 Bg7 5. Qb3 dxc4 6. Qxc4 O-O 7. e4 Nc6 8.
Be2 Nd7 9. Be3 Nb6 10. Qd3 f5 11. Rd1 f4 12. Bc1 Bg4 13. e5 Qd7 14. h3 Bxf3 15.
Bxf3 Rad8 16. Qe4 Nxd4 17. O-O Nxf3+ 18. Qxf3 Qf5 19. Rxd8 Rxd8 20. Qxf4 Bxe5
21. Qb4 c5 22. Qa5 Ra8 23. Be3 Bd4 24. Nb5 Nc4 25. Nxd4 Qd5 26. Qc3 Nxe3 27.
fxe3 cxd4 28. Qxd4 Qxd4 29. exd4 Rd8 30. Rd1 Rd5 31. Kf2 Kf7 32. Ke3 Ke6 33.
Ke4 Rf5 34. Rd2 Kd6 35. g4 Rf1 36. b3 Re1+ 37. Kf4 h6 38. h4 1/2-1/2

[Event "4NCL Division 3s"]
[Site "Daventry Court ENG"]
[Date "2014.02.15"]
[Round "5.145"]
[White "Horton, Andrew P"]
[Black "Jones, Christopher M"]
[Result "1/2-1/2"]
[WhiteElo "2109"]
[BlackElo "2079"]
[PlyCount "48"]
[EventDate "2014.02.15"]
[WhiteTeam "3Cs 2"]
[BlackTeam "The Rookies"]

1. Nf3 Nc6 2. e4 e5 3. Bc4 Nf6 4. d3 Be7 5. O-O O-O 6. Bb3 d6 7. c3 Bg4 8. Nbd2
d5 9. h3 Bh5 10. Re1 dxe4 11. dxe4 Qd3 12. Nc4 Qxd1 13. Bxd1 Bxf3 14. Bxf3 Rfe8
15. a4 a5 16. Na3 Nd8 17. Nc2 Ne6 18. Be3 Bc5 19. Red1 Rad8 20. g3 Bxe3 21.
Nxe3 Nc5 22. Rxd8 Rxd8 23. Nc4 Ncxe4 24. Nxe5 b6 1/2-1/2

[Event "4NCL Division 3s"]
[Site "Daventry Court ENG"]
[Date "2014.02.15"]
[Round "5.146"]
[White "Gibson, Christopher A"]
[Black "Adams, Philip"]
[Result "1/2-1/2"]
[WhiteElo "2022"]
[BlackElo "2042"]
[PlyCount "36"]
[EventDate "2014.02.15"]
[WhiteTeam "The Rookies"]
[BlackTeam "3Cs 2"]

1. e4 c5 2. c3 d5 3. exd5 Qxd5 4. d4 e6 5. Nf3 Nf6 6. a3 Nc6 7. Be3 cxd4 8.
cxd4 Be7 9. Nc3 Qd6 10. Bc4 O-O 11. O-O b6 12. Qd3 Bb7 13. Rad1 Rac8 14. Rfe1
Rfd8 15. Ba2 Qb8 16. Bg5 g6 17. Qe2 Kg7 18. Bh4 Nh5 1/2-1/2

[Event "4NCL Division 3s"]
[Site "Daventry Court ENG"]
[Date "2014.02.15"]
[Round "5.147"]
[White "Lea, Daniel J"]
[Black "Piper, Stephen J"]
[Result "0-1"]
[WhiteElo "1952"]
[BlackElo "2052"]
[PlyCount "68"]
[EventDate "2014.02.15"]
[WhiteTeam "3Cs 2"]
[BlackTeam "The Rookies"]

1. d4 Nf6 2. c4 g6 3. Nc3 Bg7 4. e4 d6 5. f3 Nc6 6. Be3 e5 7. d5 Ne7 8. Qd2 h5
9. Bd3 a6 10. Nge2 Bd7 11. a3 Rb8 12. b4 Nh7 13. Rc1 f5 14. exf5 gxf5 15. Bh6
Bf6 16. O-O f4 17. Qc2 Nf8 18. Bxf4 exf4 19. Nxf4 Be5 20. Rce1 Kf7 21. Ne6 Bxe6
22. dxe6+ Nxe6 23. f4 Bd4+ 24. Kh1 Bf6 25. Ne4 Nd4 26. Ng5+ Kg7 27. Ne6+ Nxe6
28. Rxe6 Qf8 29. Rf3 h4 30. g4 hxg3 31. Rxg3+ Kf7 32. Qe2 Qh6 33. f5 Rbe8 34.
Qe4 Qxh2# 0-1

[Event "4NCL Division 3s"]
[Site "Daventry Court ENG"]
[Date "2014.02.15"]
[Round "5.148"]
[White "Jaszkiwskyj, Peter"]
[Black "Lau, Jason"]
[Result "1-0"]
[WhiteElo "1955"]
[BlackElo "1785"]
[PlyCount "103"]
[EventDate "2014.02.15"]
[WhiteTeam "The Rookies"]
[BlackTeam "3Cs 2"]

1. d4 Nf6 2. Nf3 g6 3. Bf4 Bg7 4. e3 d6 5. Be2 O-O 6. h3 Nbd7 7. O-O Re8 8. c4
b6 9. Nc3 Bb7 10. Bh2 Ne4 11. Rc1 Ndf6 12. a3 e6 13. Qc2 Nxc3 14. Qxc3 Ne4 15.
Qc2 f5 16. Rfd1 Qf6 17. b4 g5 18. Ne1 Qg6 19. c5 bxc5 20. bxc5 dxc5 21. dxc5
Bd5 22. Nd3 Nc3 23. Re1 Nxe2+ 24. Qxe2 e5 25. Nb4 Be6 26. Red1 Qf7 27. Qb5 f4
28. Qc6 Rad8 29. Na6 Rc8 30. Rb1 Bf5 31. Rb7 Re6 32. Qb5 Re7 33. Rxa7 f3 34.
Qc6 g4 35. Ra8 Rxa8 36. Qxa8+ Re8 37. Rd8 Rxd8 38. Qxd8+ Bf8 39. Qg5+ Qg6 40.
Qxg6+ hxg6 41. Bxe5 gxh3 42. gxh3 Bxh3 43. Bd4 Bf5 44. Nxc7 g5 45. Kh2 Kf7 46.
Kg3 g4 47. Nd5 Kg6 48. a4 Be4 49. Nc3 Bf5 50. e4 Bc8 51. Nd5 Kh5 52. Nf6+ 1-0

[Event "4NCL Division 3s"]
[Site "Daventry Court ENG"]
[Date "2014.02.15"]
[Round "5.149"]
[White "Gittens, Nathan L"]
[Black "Conterno, Dominique"]
[Result "1/2-1/2"]
[WhiteElo "1850"]
[BlackElo "1832"]
[PlyCount "59"]
[EventDate "2014.02.15"]
[WhiteTeam "3Cs 2"]
[BlackTeam "The Rookies"]

1. d4 Nf6 2. c4 g6 3. Nc3 Bg7 4. e4 d6 5. h3 O-O 6. Bg5 Nbd7 7. Bd3 c5 8. d5
Ne5 9. f4 Nxd3+ 10. Qxd3 Qb6 11. Nge2 e6 12. O-O exd5 13. exd5 Bf5 14. Qf3 Rfe8
15. Ng3 Qb4 16. Nxf5 gxf5 17. Nb5 Ne4 18. Qd3 Qa5 19. Rae1 a6 20. Rxe4 Rxe4 21.
Qg3 Kf8 22. Nxd6 Re3 23. Qh4 Qd2 24. Qh5 Kg8 25. Qxf7+ Kh8 26. Bf6 Rg3 27. Rf2
Qe1+ 28. Rf1 Qd2 29. Rf2 Qe1+ 30. Rf1 1/2-1/2

[Event "4NCL Division 3s"]
[Site "Daventry Court ENG"]
[Date "2014.02.15"]
[Round "5.155"]
[White "Graham, David B"]
[Black "Burrows, Nick"]
[Result "1-0"]
[WhiteElo "2157"]
[BlackElo "1868"]
[PlyCount "87"]
[EventDate "2014.02.15"]
[WhiteTeam "Sussex Smart Survivors 1"]
[BlackTeam "Oxford 3"]

1. e4 c6 2. d4 d5 3. e5 Bf5 4. Nf3 e6 5. Be2 c5 6. O-O Nc6 7. Nc3 a6 8. Be3
cxd4 9. Nxd4 Nge7 10. f4 Nxd4 11. Bxd4 Nc6 12. Rc1 Rc8 13. Kh1 h5 14. a3 Nxd4
15. Qxd4 Bc5 16. Qa4+ Kf8 17. Bd3 g6 18. Bxf5 gxf5 19. Ne2 Rg8 20. Rf3 Qh4 21.
Qd7 Re8 22. Qc7 b6 23. b4 Qg4 24. Ng3 Be7 25. Rg1 h4 26. Nf1 h3 27. Rxh3 Qxf4
28. Rf3 Qd4 29. c3 Qe4 30. Ng3 Qg4 31. Qxb6 Bh4 32. Nf1 f4 33. Qd4 Bg5 34. h3
Qf5 35. Ng3 Qh7 36. Ne2 Rc8 37. Nxf4 Bxf4 38. Qxf4 Rc4 39. Qf6 Rg6 40. Qd8+ Kg7
41. Rgf1 Qg8 42. Qe7 Kh6 43. g4 Re4 44. Rxf7 1-0

[Event "4NCL Division 3s"]
[Site "Daventry Court ENG"]
[Date "2014.02.15"]
[Round "5.158"]
[White "Henbest, Kevin B"]
[Black "Howell, Chris I"]
[Result "0-1"]
[WhiteElo "1693"]
[BlackElo "2041"]
[PlyCount "96"]
[EventDate "2014.02.15"]
[WhiteTeam "Oxford 3"]
[BlackTeam "Sussex Smart Survivors 1"]

1. e4 e6 2. d4 d5 3. Nc3 Bb4 4. e5 c5 5. a3 Bxc3+ 6. bxc3 Ne7 7. a4 Qc7 8. Nf3
b6 9. Bd3 Ba6 10. O-O Bxd3 11. Qxd3 Nbc6 12. Ba3 cxd4 13. Bd6 Qd7 14. cxd4 Na5
15. Nd2 Rc8 16. f4 h5 17. Bxe7 Qxe7 18. f5 Qg5 19. fxe6 fxe6 20. Nf3 Qg4 21.
Qb5+ Rc6 22. Ra3 O-O 23. Qd3 Nc4 24. Raa1 h4 25. h3 Qg3 26. Rf2 Rf4 27. Raf1
Re4 28. Nd2 Nxd2 29. Rf8+ Kh7 30. Qxd2 Rc4 31. Qd1 Qe3+ 32. R1f2 Qe1+ 33. Qxe1
Rxe1+ 34. Kh2 Rxd4 35. R8f7 Rxa4 36. Re7 Raa1 37. g3 Rh1+ 38. Kg2 Rag1+ 39. Kf3
hxg3 40. Re2 Rh2 41. Re3 Rf2+ 42. Kg4 Rxc2 43. Rxa7 g2 44. Rg3 Re1 45. h4 g1=Q
46. Kh5 Rxe5+ 47. Rg5 Rxg5+ 48. hxg5 Rh2# 0-1

[Event "4NCL Division 3s"]
[Site "Daventry Court ENG"]
[Date "2014.02.15"]
[Round "5.159"]
[White "Higgs, Anthony RJ"]
[Black "Biswas, Karl"]
[Result "1/2-1/2"]
[WhiteElo "1991"]
[BlackElo "1745"]
[PlyCount "63"]
[EventDate "2014.02.15"]
[WhiteTeam "Sussex Smart Survivors 1"]
[BlackTeam "Oxford 3"]

1. d4 Nf6 2. c4 e5 3. dxe5 Ne4 4. a3 b6 5. Nf3 Bb7 6. e3 g6 7. Nbd2 Bg7 8. Be2
O-O 9. Qc2 Nxd2 10. Bxd2 Nc6 11. O-O Qe7 12. Bd3 Nxe5 13. Nxe5 Qxe5 14. Rab1 f5
15. Bc3 Qe7 16. Rbe1 Rae8 17. Bxg7 Kxg7 18. f3 d6 19. Re2 Qg5 20. Qc1 Rf7 21.
Kh1 Rfe7 22. Rfe1 a5 23. b3 Bc6 24. Qc3+ Qf6 25. Qc2 Bb7 26. Qb1 Kf8 27. h3 Kg7
28. Qc2 Kf8 29. e4 fxe4 30. Bxe4 Bxe4 31. fxe4 Kg7 32. Qd3 1/2-1/2